000 00339nam a22001457a 4500
082 _a823
_bJAY/K
100 _aJAYSHREE, NIDHI
245 _aTHE KING BOAR
_bMORAL STORIES
246 _aTHE KING BOAR
_bMORAL STORIES
260 _aSIVAKASI
_bESHA PUBLICATION
300 _a16
520 _aMORAL STORY
650 _aMORAL STORY
942 _cBK
999 _c2279
_d2279